| 000 | 00737na a2200253 4500 | ||
|---|---|---|---|
| 001 | 23049 | ||
| 003 | MIRAKIL | ||
| 005 | 20181213154902.0 | ||
| 008 | 170516b tu 000 0 | ||
| 040 |
_aMilas _btur _cTR-AnCHP |
||
| 041 | _atur | ||
| 082 |
_a302.23 _bK65k 1986 |
||
| 090 | _a302.23 K65k 1986 | ||
| 100 | _aKongar, Emre | ||
| 245 |
_aKültür ve iletişim _bKültür üzerine 3 _cEmre Kongar |
||
| 246 | _aKültür üzerine 3 | ||
| 260 |
_aİstanbul _bSay yayınları _c1986 _fDoğuş Matbaası |
||
| 300 |
_a141 s. _bfotğ. _c19 sm. |
||
| 650 |
_aİletişim ve kültür _xTürkiye |
||
| 650 |
_aBasın _xTürkiye |
||
| 650 |
_aKitle iletişim araçları _xTürkiye |
||
| 740 | _aKültür üzerine 3 | ||
| 942 |
_2ddc _cBKS |
||
| 999 |
_c2575 _d2575 |
||